Cây ăn quả nhiệt đới

Đã lưu trong:
书目详细资料
主要作者: NGUYỄN VĂN KẾ
格式: 图书
语言:Undetermined
出版: Nông Nghiệp
标签: 添加标签
没有标签, 成为第一个标记此记录!
Thư viện lưu trữ: Trung tâm Học liệu Trường Đại học Cần Thơ
LEADER 00391nam a2200133Ia 4500
001 CTU_45540
008 210402s9999 xx 000 0 und d
082 |a 634 
082 |b K250 
100 |a NGUYỄN VĂN KẾ 
245 0 |a Cây ăn quả nhiệt đới 
245 0 |c NGUYỄN VĂN KẾ 
260 |b Nông Nghiệp 
980 |a Trung tâm Học liệu Trường Đại học Cần Thơ